Statystyki dla Największe miasta na świecie w 2100 roku

Kliknij tutaj aby rozwiązać quiz!

Ogólne statystyki

  • Ten quiz został rozwiązany 1 171 razy
  • Średni wynik to 8 z 30

Statystyki odpowiedzi

KontynentLudnośćMiasto% Poprawnych
Azja25,6 mlnTokio
83%
Afryka40,5 mlnKair
80%
Ameryka Półn.30,2 mlnNowy Jork
75%
Azja57,3 mlnDelhi
57%
Afryka88,3 mlnLagos
49%
Afryka83,5 mlnKinszasa
43%
Azja67,2 mlnMumbaj
39%
Afryka46,7 mlnNairobi
37%
Azja52,4 mlnKalkuta
36%
Azja54,2 mlnDhaka
33%
Afryka35,8 mlnAddis Abeba
30%
Azja40,0 mlnManila
26%
Afryka56,7 mlnChartum
26%
Azja49,1 mlnKaraczi
21%
Azja34,1 mlnBagdad
18%
Afryka36,4 mlnMogadiszu
17%
Afryka40,2 mlnKampala
14%
Afryka73,7 mlnDar Es Salaam
14%
Afryka37,7 mlnLusaka
13%
Azja50,3 mlnKabul
13%
Afryka56,1 mlnNiamey
12%
Afryka28,8 mlnNdżamena
11%
Azja25,8 mlnĆennaj
10%
Afryka28,3 mlnKano
8%
Azja27,0 mlnLahaur
8%
Afryka41,4 mlnLilongwe
7%
Azja27,2 mlnSana
7%
Azja24,8 mlnBengaluru
7%
Afryka23,7 mlnIbadan
6%
Afryka40,9 mlnBlantyre
4%

Rozkład punktacji

Percentyl według liczby udzielonych odpowiedzi

Procent ludzi z każdym wynikiem

Twoja historia wyników

Nie rozwiązałeś tego quizu